Statistics for Juventus 2017/18 Squad

Click here to take the quiz!

General Stats

  • This quiz has been taken 108 times
  • The average score is 17 of 25

Answer Stats

Jersey #NationalityPositionPlayer Name% Correct
1ItalyGKGianluigi Buffon
99%
10ArgentinaSTPaulo Dybala
98%
3ItalyCBGiorgio Chiellini
92%
9ArgentinaSTGonzalo Higuaín
92%
7ColombiaRWJuan Cuadrado
91%
17CroatiaSTMario Mandžukić
90%
5BosniaCMMiralem Pjanić
90%
6GermanyCMSami Khedira
80%
12BrazilLBAlex Sandro
74%
14FranceCDMBlaise Matuidi
74%
11BrazilLMDouglas Costa
74%
4MoroccoCBMedhi Benatia
72%
8ItalyCMClaudio Marchisio
64%
15ItalyCBAndrea Barzagli
63%
23PolandGKWojciech Szczęsny
61%
30UruguayCMRodrigo Bentancur
58%
20CroatiaLWMarko Pjaca
54%
24ItalyCBDaniele Rugani
53%
22GhanaCMKwadwo Asamoah
53%
26SwitzerlandRBStephan Lichtsteiner
49%
2ItalyLBMattia De Sciglio
46%
21GermanyCBBenedikt Höwedes
45%
33ItalyRMFederico Bernardeschi
44%
27ItalyCMStefano Sturaro
26%
16ItalyGKCarlo Pinsoglio
24%

Score Distribution

Percentile by Number Answered

Percent of People with Each Score

Your Score History

You have not taken this quiz